<?xml version="1.0" encoding="UTF-8"?>
<collection xmlns="http://www.loc.gov/MARC21/slim">
 <record>
  <leader>00609pamaa2200181   4500</leader>
  <controlfield tag="001">0000034421</controlfield>
  <controlfield tag="005">20131031090000.0</controlfield>
  <datafield tag="020" ind1="0" ind2="0">
   <subfield code="a">0534580866 </subfield>
  </datafield>
  <datafield tag="082" ind1=" " ind2=" ">
   <subfield code="a">005.369 KIR</subfield>
  </datafield>
  <datafield tag="090" ind1="0" ind2="0">
   <subfield code="a">HA32 </subfield>
   <subfield code="b">KIR 2001</subfield>
  </datafield>
  <datafield tag="100" ind1="1" ind2="0">
   <subfield code="a">KIRKPATRICK </subfield>
  </datafield>
  <datafield tag="245" ind1="1" ind2="0">
   <subfield code="a">A simple guide to spss for windows : </subfield>
   <subfield code="b">for versions 8.0, 9.0 and 10.0  </subfield>
   <subfield code="c">Lee A. Kirkpatrick, Brooke C. Feeney.</subfield>
  </datafield>
  <datafield tag="250" ind1="0" ind2="0">
   <subfield code="a">Revised edition.</subfield>
  </datafield>
  <datafield tag="260" ind1="0" ind2="0">
   <subfield code="a">Belmont: </subfield>
   <subfield code="b">Wadsworth/Thomson Learning, </subfield>
   <subfield code="c">2001.</subfield>
  </datafield>
  <datafield tag="300" ind1=" " ind2=" ">
   <subfield code="a">viii, 118p.: </subfield>
   <subfield code="b">ill.; </subfield>
   <subfield code="c">24cm.</subfield>
  </datafield>
  <datafield tag="650" ind1="0" ind2="0">
   <subfield code="a">SPSS for windows </subfield>
  </datafield>
  <datafield tag="650" ind1="0" ind2="0">
   <subfield code="a">Social science -- </subfield>
   <subfield code="x">Statistical mehods (Computer programs) </subfield>
  </datafield>
  <datafield tag="700" ind1="1" ind2="1">
   <subfield code="a">Feeney, </subfield>
   <subfield code="h">Brooke C </subfield>
  </datafield>
 </record>
</collection>
